Every Song by Slint - Statistics

General Stats
  • This quiz has been taken 25 times
  • The average score is 12 of 23
Answer Stats
Album Song % Correct
Spiderland(1991) Breadcrumb Trail
96%
Spiderland(1991) Good Morning, Captain
96%
Spiderland(1991) Washer
96%
Spiderland(1991) Don, Aman
83%
Spiderland(1991) For Dinner...
79%
Spiderland(1991) Nosferatu Man
79%
Tweez(1989) Ron
63%
Tweez(1989) Nan Ding
58%
Tweez(1989) Charlotte
54%
Tweez(1989) Darlene
54%
Untitled(1994) Glenn
54%
Tweez(1989) Kent
50%
Tweez(1989) Pat
50%
Tweez(1989) Rhoda
50%
Tweez(1989) Carol
42%
Spiderland(Bonus)(2014) Cortez the Killer
42%
Spiderland(Bonus)(2014) Todd's Song
42%
Tweez(1989) Warren
42%
Spiderland(Bonus)(2014) Brian's Song
38%
Spiderland(Bonus)(2014) Pam
29%
Non-Album(2007) King's Approach
13%
Spiderland(Bonus)(2014) Utica Quarry, Nighttime
13%
Non-Album(1990) Snoopy
8%
No matching quizzes found
Score Distribution
Percent of People with Each Score
Percentile by Number Answered
Your Score History
You have not taken this quiz